[Event "37th Belgrade Trophy 2024"]
[Site "Belgrade"]
[Date "2024.11.23"]
[Round "1.3"]
[White "Askovic, Jovica"]
[Black "Atalik, Suat"]
[Result "0-1"]
[WhiteElo "1863"]
[BlackElo "2420"]
[Annotator "RC"]
[PlyCount "92"]
[EventDate "2024.11.23"]
[EventCountry "SRB"]
[SourceTitle "playchess.com"]
[Source "ChessBase"]
[SourceQuality "1"]
[TimeControl "40/5400+30:900+30"]

1. e4 {[%emt 0:00:01]} e5 {[%emt 0:00:16]} 2. Nf3 {[%emt 0:00:14]} Nc6 {[%emt 0:00:28]} 3. Bc4 {[%emt 0:00:20]} Bc5 {[%emt 0:00:30]} 4. c3 {[%emt 0:00:08]} Nf6 {[%emt 0:00:28]} 5. d4 {[%emt 0:00:33]} exd4 {[%emt 0:00:13]} 6. cxd4 {[%emt 0:01:19]} Bb4+ {[%emt 0:00:18]} 7. Bd2 {[%emt 0:01:05]} Nxe4 {[%emt 0:05:03]} 8. Bxb4 {[%emt 0:02:27]} Nxb4 {[%emt 0:00:11]} 9. Bxf7+ {[%emt 0:01:00]} Kxf7 {[%emt 0:00:08]} 10. Qb3+ {[%emt 0:00:22]} d5 {[%emt 0:00:06]} 11. Qxb4 {[%emt 0:01:51]} Re8 {[%emt 0:03:12]} 12. O-O {[%emt 0:01:49]} a5 {[%emt 0:01:32]} 13. Qb3 {[%emt 0:01:29]} a4 {[%emt 0:00:50]} 14. Qb4 {[%emt 0:03:15]} Qd6 {[%emt 0:02:59]} 15. Qxd6 {[%emt 0:01:05]} Nxd6 {[%emt 0:09:36]} 16. Nc3 {[%emt 0:01:11]} c6 {[%emt 0:00:08]} 17. Rfe1 {[%emt 0:01:49]} Bf5 {[%emt 0:02:46]} 18. Rxe8 {[%emt 0:01:58]} Kxe8 {[%emt 0:01:31]} 19. Re1+ {[%emt 0:00:45]} Kd8 {[%emt 0:02:32]} 20. Ne5 {[%emt 0:02:34]} a3 {[%emt 0:03:37]} 21. b3 {[%emt 0:02:59]} h5 {[%emt 0:02:34]} 22. f3 {[%emt 0:02:44]} Rc8 {[%emt 0:05:23]} 23. h3 {[%emt 0:16:17]} h4 {[%emt 0:06:36]} 24. Rc1 {[%emt 0:06:27]} Nb5 {[%emt 0:05:11]} 25. Ne2 {[%emt 0:08:33]} Ke7 {[%emt 0:00:27]} 26. Kf2 {[%emt 0:06:56]} Kf6 {[%emt 0:00:57]} 27. f4 {[%emt 0:01:25]} Re8 {[%emt 0:07:27]} 28. Ke3 {[%emt 0:06:25]} Bg6 {[%emt 0:03:13]} 29. Ng1 {[%emt 0:03:42]} Be4 {[%emt 0:01:41]} 30. Ngf3 {[%emt 0:01:00]} Bxf3 {[%emt 0:00:49]} 31. gxf3 {[%emt 0:00:10]} Nd6 {[%emt 0:02:02]} 32. Rg1 {[%emt 0:02:15]} Nf5+ {[%emt 0:00:32]} 33. Kd3 {[%emt 0:01:10]} Ng3 {[%emt 0:01:33]} 34. Kd2 {[%emt 0:02:42]} Kf5 {[%emt 0:00:23]} 35. Ke3 {[%emt 0:01:20]} c5 {[%emt 0:10:22]} 36. dxc5 {[%emt 0:04:55]} g5 {[%emt 0:00:33]} 37. Kd3 {[%emt 0:01:15]} Kxf4 {[%emt 0:02:29]} 38. Ng4 {[%emt 0:01:12]} Kxf3 {[%emt 0:01:02]} 39. b4 {[%emt 0:00:22]} Nh5 {[%emt 0:14:22]} 40. Nh2+ {[%emt 0:00:00]} Kf2 {[%emt 0:00:00]} 41. Rxg5 {[%emt 0:04:23]} Nf4+ {[%emt 0:02:04]} 42. Kc2 {[%emt 0:02:47]} d4 {[%emt 0:04:34]} 43. Ng4+ {[%emt 0:03:01]} Ke2 {[%emt 0:01:05]} 44. Ne5 {[%emt 0:10:43]} Nxh3 {[%emt 0:09:04]} 45. Rh5 {[%emt 0:05:19]} Nf4 {[%emt 0:01:19]} 46. Nc4 {[%emt 0:01:19]} Nxh5 {[%emt 0:00:09]} 0-1

[Event "37th Belgrade Trophy 2024"]
[Site "Belgrade"]
[Date "2024.11.23"]
[Round "1.4"]
[White "Stanojoski, Zvonko"]
[Black "Yasaswi Krishna Bommi"]
[Result "1-0"]
[WhiteElo "2401"]
[BlackElo "1861"]
[Annotator "RC"]
[PlyCount "75"]
[EventDate "2024.11.23"]
[EventCountry "SRB"]
[SourceTitle "playchess.com"]
[Source "ChessBase"]
[SourceQuality "1"]
[TimeControl "40/5400+30:900+30"]

1. Nf3 {[%emt 0:00:17]} Nf6 {[%emt 0:00:12]} 2. d4 {[%emt 0:00:35]} g6 {[%emt 0:00:06]} 3. g3 {[%emt 0:01:53]} Bg7 {[%emt 0:00:06]} 4. Bg2 {[%emt 0:00:04]} d6 {[%emt 0:00:08]} 5. O-O {[%emt 0:00:34]} O-O {[%emt 0:00:07]} 6. b3 {[%emt 0:00:35]} Nbd7 {[%emt 0:01:41]} 7. Bb2 {[%emt 0:00:08]} c5 {[%emt 0:01:32]} 8. dxc5 {[%emt 0:00:39]} Nxc5 {[%emt 0:01:48]} 9. c4 {[%emt 0:01:40]} Qc7 {[%emt 0:04:34]} 10. Nc3 {[%emt 0:00:58]} a6 {[%emt 0:03:16]} 11. Rc1 {[%emt 0:00:55]} Qd8 {[%emt 0:08:55]} 12. Nd4 {[%emt 0:07:17]} Ne6 {[%emt 0:04:37]} 13. Nxe6 {[%emt 0:08:34]} Bxe6 {[%emt 0:04:02]} 14. Bxb7 {[%emt 0:00:58]} Rb8 {[%emt 0:06:38]} 15. Bg2 {[%emt 0:10:11]} Bxc4 {[%emt 0:04:05]} 16. Ne4 {[%emt 0:04:19]} Nxe4 {[%emt 0:06:29]} 17. Bxg7 {[%emt 0:00:09]} Kxg7 {[%emt 0:01:13]} 18. Rxc4 {[%emt 0:01:17]} Nc5 {[%emt 0:03:15]} 19. b4 {[%emt 0:00:57]} Ne6 {[%emt 0:03:59]} 20. Qd2 {[%emt 0:02:38]} Qb6 {[%emt 0:04:13]} 21. Rfc1 {[%emt 0:00:29]} Kg8 {[%emt 0:03:41]} 22. Bd5 {[%emt 0:05:43]} Ng7 {[%emt 0:05:55]} 23. a3 {[%emt 0:00:23]} e6 {[%emt 0:03:30]} 24. Be4 {[%emt 0:03:13]} d5 {[%emt 0:04:12]} 25. Rc6 {[%emt 0:00:10]} Qb7 {[%emt 0:03:56]} 26. Bd3 {[%emt 0:00:50]} Ra8 {[%emt 0:02:19]} 27. Qc3 {[%emt 0:01:00]} Rfd8 {[%emt 0:05:09]} 28. Rc7 {[%emt 0:02:48]} Qb6 {[%emt 0:02:07]} 29. Qf6 {[%emt 0:01:53]} Rf8 {[%emt 0:00:48]} 30. R1c6 {[%emt 0:00:19]} Qb8 {[%emt 0:00:32]} 31. Qc3 {[%emt 0:00:36]} Rd8 {[%emt 0:04:38]} 32. Bxa6 {[%emt 0:00:39]} Nf5 {[%emt 0:02:57]} 33. Rb7 {[%emt 0:01:12]} d4 {[%emt 0:03:04]} 34. Qc5 {[%emt 0:00:27]} Qxb7 {[%emt 0:01:50]} 35. Bxb7 {[%emt 0:00:12]} Rxa3 {[%emt 0:00:36]} 36. Rc8 {[%emt 0:01:16]} Rxc8 {[%emt 0:00:09]} 37. Qxc8+ {[%emt 0:00:06]} Kg7 {[%emt 0:00:08]} 38. Be4 {[%emt 0:00:29]} 1-0

[Event "37th Belgrade Trophy 2024"]
[Site "Belgrade"]
[Date "2024.11.23"]
[Round "1.5"]
[White "Bozic, Andrej"]
[Black "Sutormin, Danila"]
[Result "0-1"]
[WhiteElo "1859"]
[BlackElo "2394"]
[Annotator "RC"]
[PlyCount "92"]
[EventDate "2024.11.23"]
[EventCountry "SRB"]
[SourceTitle "playchess.com"]
[Source "ChessBase"]
[SourceQuality "1"]
[TimeControl "40/5400+30:900+30"]

1. e4 {[%emt 0:00:05]} c5 {[%emt 0:01:40]} 2. Nf3 {[%emt 0:00:06]} a6 {[%emt 0:00:26]} 3. d4 {[%emt 0:03:29]} cxd4 {[%emt 0:00:07]} 4. Nxd4 {[%emt 0:00:04]} Nf6 {[%emt 0:00:08]} 5. Nc3 {[%emt 0:00:17]} e5 {[%emt 0:00:16]} 6. Nb3 {[%emt 0:01:43]} d6 {[%emt 0:11:46]} 7. f3 {[%emt 0:06:26]} Be6 {[%emt 0:00:25]} 8. Be3 {[%emt 0:00:30]} Nbd7 {[%emt 0:02:18]} 9. Be2 {[%emt 0:04:37]} Be7 {[%emt 0:01:27]} 10. Qd2 {[%emt 0:03:43]} O-O {[%emt 0:00:21]} 11. O-O {[%emt 0:00:19]} b5 {[%emt 0:12:42]} 12. Bf2 {[%emt 0:07:33]} Nb6 {[%emt 0:08:32]} 13. Bd3 {[%emt 0:17:41]} Qc7 {[%emt 0:05:18]} 14. Qe2 {[%emt 0:03:37]} Nc4 {[%emt 0:09:46]} 15. Rab1 {[%emt 0:04:32]} Rfc8 {[%emt 0:05:46]} 16. Rfe1 {[%emt 0:06:28]} b4 {[%emt 0:09:02]} 17. Nd1 {[%emt 0:04:20]} a5 {[%emt 0:01:07]} 18. Ne3 {[%emt 0:10:35]} Nxe3 {[%emt 0:00:31]} 19. Qxe3 {[%emt 0:00:11]} a4 {[%emt 0:01:17]} 20. Nc1 {[%emt 0:02:57]} Nd7 {[%emt 0:05:21]} 21. a3 {[%emt 0:04:28]} bxa3 {[%emt 0:01:49]} 22. bxa3 {[%emt 0:02:24]} h6 {[%emt 0:01:54]} 23. Qd2 {[%emt 0:02:52]} Bg5 {[%emt 0:02:15]} 24. Be3 {[%emt 0:00:25]} Qc5 {[%emt 0:03:45]} 25. Bxc5 {[%emt 0:02:51]} Bxd2 {[%emt 0:00:09]} 26. Bb4 {[%emt 0:04:13]} Bxe1 {[%emt 0:00:06]} 27. Bxe1 {[%emt 0:00:03]} Nc5 {[%emt 0:00:06]} 28. Bb4 {[%emt 0:01:38]} Nxd3 {[%emt 0:00:39]} 29. cxd3 {[%emt 0:00:09]} Rc2 {[%emt 0:00:30]} 30. Kf1 {[%emt 0:00:30]} d5 {[%emt 0:00:30]} 31. exd5 {[%emt 0:00:30]} Bxd5 {[%emt 0:00:30]} 32. Ne2 {[%emt 0:00:30]} Rac8 {[%emt 0:00:30]} 33. Rd1 {[%emt 0:00:30]} f6 {[%emt 0:00:30]} 34. Kf2 {[%emt 0:00:30]} Bb3 {[%emt 0:00:30]} 35. Re1 {[%emt 0:00:30]} Rb2 {[%emt 0:00:30]} 36. Ke3 {[%emt 0:00:30]} Bf7 {[%emt 0:00:30]} 37. h4 {[%emt 0:00:30]} Be8 {[%emt 0:00:30]} 38. g3 {[%emt 0:00:30]} Bb5 {[%emt 0:00:30]} 39. Rd1 {[%emt 0:00:30]} Rcc2 {[%emt 0:00:30]} 40. Re1 {[%emt 0:00:30]} Kf7 {[%emt 0:00:30]} 41. f4 {[%emt 0:15:30]} exf4+ {[%emt 0:15:30]} 42. Nxf4 {[%emt 0:00:30]} Rc8 {[%emt 0:00:30]} 43. Kd4 {[%emt 0:00:30]} Rc7 {[%emt 0:00:30]} 44. Re3 {[%emt 0:00:30]} Rb3 {[%emt 0:00:30]} 45. Ke4 {[%emt 0:00:30]} Rxb4+ {[%emt 0:00:30]} 46. axb4 {[%emt 0:00:30]} Re7+ {[%emt 0:00:30]} 0-1

[Event "37th Belgrade Trophy 2024"]
[Site "Belgrade"]
[Date "2024.11.23"]
[Round "1.6"]
[White "Xie, Jianjun"]
[Black "Li, Zhanjia"]
[Result "1-0"]
[WhiteElo "2361"]
[BlackElo "1859"]
[Annotator "RC"]
[PlyCount "45"]
[EventDate "2024.11.23"]
[EventCountry "SRB"]
[SourceTitle "playchess.com"]
[Source "ChessBase"]
[SourceQuality "1"]
[TimeControl "40/5400+30:900+30"]

1. e4 {[%emt 0:00:47]} e5 {[%emt 0:00:33]} 2. Nf3 {[%emt 0:00:07]} Nf6 {[%emt 0:00:07]} 3. Nxe5 {[%emt 0:01:21]} d6 {[%emt 0:00:13]} 4. Nf3 {[%emt 0:00:06]} Nxe4 {[%emt 0:00:05]} 5. d4 {[%emt 0:01:08]} d5 {[%emt 0:00:06]} 6. Bd3 {[%emt 0:00:04]} Nc6 {[%emt 0:01:28]} 7. O-O {[%emt 0:00:09]} Be7 {[%emt 0:00:05]} 8. c4 {[%emt 0:00:14]} Nf6 {[%emt 0:02:44]} 9. Nc3 {[%emt 0:22:06]} O-O {[%emt 0:02:32]} 10. h3 {[%emt 0:18:22]} Nb4 {[%emt 0:10:40]} 11. Be2 {[%emt 0:00:27]} dxc4 {[%emt 0:02:07]} 12. Bxc4 {[%emt 0:00:36]} c6 {[%emt 0:03:08]} 13. Ne5 {[%emt 0:01:39]} Bf5 {[%emt 0:06:09]} 14. Qf3 {[%emt 0:01:49]} Bg6 {[%emt 0:03:03]} 15. Be3 {[%emt 0:01:25]} Nbd5 {[%emt 0:03:12]} 16. Rad1 {[%emt 0:04:29]} Qd6 {[%emt 0:05:49]} 17. Bg5 {[%emt 0:04:06]} Rad8 {[%emt 0:10:05]} 18. Rfe1 {[%emt 0:00:09]} Nxc3 {[%emt 0:06:32]} 19. bxc3 {[%emt 0:00:43]} Rfe8 {[%emt 0:06:21]} 20. h4 {[%emt 0:12:11]} Nd5 {[%emt 0:09:13]} 21. h5 {[%emt 0:00:28]} Bxg5 {[%emt 0:03:24]} 22. hxg6 {[%emt 0:00:02]} Rf8 {[%emt 0:01:40]} 23. gxh7+ {[%emt 0:06:15]} 1-0

[Event "37th Belgrade Trophy 2024"]
[Site "Belgrade"]
[Date "2024.11.23"]
[Round "2"]
[White "Gevorgyan, David Sh."]
[Black "Jevtic, Slobodan"]
[Result "1-0"]
[WhiteElo "2247"]
[BlackElo "1922"]
[Annotator "RC"]
[PlyCount "43"]
[EventDate "2024.11.23"]
[EventCountry "SRB"]
[SourceTitle "playchess.com"]
[Source "ChessBase"]
[SourceQuality "1"]

1. Nf3 Nf6 2. g3 b6 3. Bg2 Bb7 4. O-O e6 5. d3 Be7 6. e4 O-O 7. Nbd2 d6 8. Ne1 e5 9. f4 Nc6 10. f5 d5 11. g4 dxe4 12. g5 Nd5 13. Nxe4 f6 14. g6 Nf4 15. Rxf4 exf4 16. Qh5 h6 17. Bxf4 Bc5+ 18. Nxc5 Qd4+ 19. Kh1 Qxc5 20. Bxh6 gxh6 21. Qxh6 Qe7 22. Bd5+ 1-0

[Event "37th Belgrade Trophy 2024"]
[Site "Belgrade"]
[Date "2024.11.23"]
[Round "2"]
[White "Javadov, Habil"]
[Black "Komissarova, Soigina"]
[Result "1-0"]
[WhiteElo "2190"]
[BlackElo "1916"]
[Annotator "RC"]
[PlyCount "55"]
[EventDate "2024.11.23"]
[EventCountry "SRB"]
[SourceTitle "playchess.com"]
[Source "ChessBase"]
[SourceQuality "1"]

1. d4 d5 2. Bf4 Nf6 3. e3 c5 4. c3 Nc6 5. Nf3 Qb6 6. Qc2 Nh5 7. Be5 f6 8. dxc5 Qxc5 9. Bd4 Qa5 10. b4 Qc7 11. b5 Nxd4 12. Nxd4 e5 13. Nb3 f5 14. Be2 Nf6 15. O-O Be6 16. Rc1 Rc8 17. Qb2 Ne4 18. N3d2 Bc5 19. Nxe4 dxe4 20. Nd2 O-O 21. Rd1 Qf7 22. c4 f4 23. Qxe5 fxe3 24. fxe3 Qf2+ 25. Kh1 Rfe8 26. Bh5 Re7 27. Nxe4 Qxe3 28. Qxc5 1-0

[Event "37th Belgrade Trophy 2024"]
[Site "Belgrade"]
[Date "2024.11.23"]
[Round "2"]
[White "Chelushkina, Irina"]
[Black "Nastic, Veselin"]
[Result "1-0"]
[WhiteElo "2141"]
[BlackElo "1911"]
[Annotator "RC"]
[PlyCount "127"]
[EventDate "2024.11.23"]
[EventCountry "SRB"]
[SourceTitle "playchess.com"]
[Source "ChessBase"]
[SourceQuality "1"]

1. e4 d6 2. d4 Nf6 3. Nc3 e5 4. dxe5 dxe5 5. Qxd8+ Kxd8 6. Nf3 Bd6 7. Ng5 Ke7 8. Bc4 Rf8 9. Be3 h6 10. Nf3 c6 11. h3 Be6 12. Nd2 Nbd7 13. Be2 Bc5 14. Bxc5+ Nxc5 15. b4 Ncd7 16. Nb3 Rfc8 17. Na5 Rab8 18. O-O Ne8 19. Nc4 Nd6 20. Ne3 a6 21. a4 g6 22. f3 f6 23. Rfb1 Nb6 24. a5 Nbc4 25. Nxc4 Nxc4 26. Bxc4 Bxc4 27. Na4 Rd8 28. Rd1 Be6 29. Nc5 Bc8 30. Rxd8 Kxd8 31. Kf2 Kc7 32. h4 b6 33. axb6+ Kxb6 34. Ke3 Ra8 35. Nd3 Be6 36. Nc5 Bc8 37. g4 Ra7 38. Nd3 Re7 39. Ra5 g5 40. Ra1 Be6 41. hxg5 hxg5 42. Rh1 Bc4 43. Nb2 Kb5 44. c3 Bg8 45. Rd1 c5 46. Rd8 Be6 47. Rb8+ Kc6 48. Nd3 Kc7 49. Ra8 Kb7 50. Rf8 cxb4 51. cxb4 Bf7 52. Nc5+ Kb6 53. Rb8+ Ka7 54. Rd8 Bc4 55. Rd6 Rc7 56. Kd2 a5 57. Kc3 Be2 58. Rxf6 axb4+ 59. Kxb4 Rh7 60. Ka5 Rh3 61. Rf7+ Ka8 62. Kb6 Rxf3 63. Re7 Rf8 64. Ra7+ 1-0

[Event "37th Belgrade Trophy 2024"]
[Site "Belgrade"]
[Date "2024.11.23"]
[Round "2"]
[White "Prudnikova, Svetlana"]
[Black "Djordjevic, Zoran To"]
[Result "1-0"]
[WhiteElo "2129"]
[BlackElo "1909"]
[Annotator "RC"]
[PlyCount "79"]
[EventDate "2024.11.23"]
[EventCountry "SRB"]
[SourceTitle "playchess.com"]
[Source "ChessBase"]
[SourceQuality "1"]

1. d4 d6 2. Nf3 f5 3. c4 c6 4. Nc3 Nf6 5. Qc2 g6 6. e4 Bg7 7. Bd3 e6 8. O-O O-O 9. b3 Nbd7 10. Ba3 c5 11. exf5 exf5 12. Rad1 b6 13. Ng5 Re8 14. Nb5 h6 15. Nh3 Nf8 16. dxc5 bxc5 17. Be2 Ne4 18. Bf3 Qa5 19. Nxd6 Re6 20. Bc1 Rb8 21. Nxe4 fxe4 22. Bxe4 Bb7 23. Bxb7 Rxb7 24. Nf4 Ra6 25. a3 g5 26. Nh5 Bd4 27. b4 Qc7 28. Qf5 Qf7 29. Qxf7+ Kxf7 30. Ng3 Kg6 31. Ne4 Ne6 32. bxc5 Bxc5 33. Nxc5 Nxc5 34. Be3 Nb3 35. c5 Rxa3 36. Rd6+ Kg7 37. c6 Rb8 38. h4 Rc8 39. Rb1 Na5 40. Rc1 1-0

[Event "37th Belgrade Trophy 2024"]
[Site "Belgrade"]
[Date "2024.11.23"]
[Round "2"]
[White "Karisik, Nenad"]
[Black "Rogers, Tim L"]
[Result "1-0"]
[WhiteElo "2119"]
[BlackElo "1907"]
[Annotator "RC"]
[PlyCount "102"]
[EventDate "2024.11.23"]
[EventCountry "SRB"]
[SourceTitle "playchess.com"]
[Source "ChessBase"]
[SourceQuality "1"]
[TimeControl "40/5400+30:900+30"]

1. e4 d6 2. d4 Nf6 3. Nc3 e5 4. Nf3 exd4 5. Nxd4 Be7 6. Bc4 O-O 7. O-O Nxe4 8. Nxe4 d5 9. Bd3 dxe4 10. Bxe4 Nd7 11. Bf4 Nf6 12. Bf3 Nd5 13. Bg3 c6 14. c3 Bd6 15. Bxd5 cxd5 16. Bxd6 Qxd6 17. Qb3 Bd7 18. Rfe1 Rfd8 19. Re3 h6 20. Rae1 Qg6 21. Qxd5 Bc6 22. Nxc6 bxc6 23. Qe4 Qxe4 24. Rxe4 Rd2 25. R4e2 Rad8 26. f3 f6 27. Kf2 Kf7 28. Rxd2 Rxd2+ 29. Re2 Rd1 30. Ke3 Ke6 31. Rd2 Rh1 32. Kd4 Kd6 33. Kc4+ Kc7 34. h3 Re1 35. b4 h5 36. a4 a6 37. Rd4 Rg1 38. Rd2 Re1 39. h4 Re5 40. Rd4 g5 41. Re4 Rd5 42. hxg5 Rxg5 43. Re6 Rxg2 44. Rxf6 Rd2 45. Rf5 Rd5 46. Rxd5 cxd5+ 47. Kd4 Kd6 48. f4 Ke6 49. b5 axb5 50. axb5 Kd6 51. f5 Kc7 1-0

[Event "37th Belgrade Trophy 2024"]
[Site "Belgrade"]
[Date "2024.11.23"]
[Round "2"]
[White "Liu, Haoling"]
[Black "Simbelov, Roman T."]
[Result "0-1"]
[WhiteElo "1942"]
[BlackElo "2196"]
[Annotator "RC"]
[PlyCount "54"]
[EventDate "2024.11.23"]
[EventCountry "SRB"]
[SourceTitle "playchess.com"]
[Source "ChessBase"]
[SourceQuality "1"]

1. d4 d5 2. c4 e6 3. Nf3 Nf6 4. g3 dxc4 5. Bg2 c6 6. Ne5 Bb4+ 7. Nc3 Nd5 8. Bd2 b5 9. a4 Bxc3 10. bxc3 O-O 11. e4 Ne7 12. Qh5 Nd7 13. Nxd7 Qxd7 14. Qc5 Bb7 15. O-O a6 16. Rfb1 Rfd8 17. Bc1 Ng6 18. Ba3 Qc8 19. h4 Nf8 20. h5 h6 21. Qe7 Nd7 22. a5 c5 23. Rd1 Nf6 24. e5 Bxg2 25. exf6 Qc6 26. dxc5 Rxd1+ 27. Rxd1 Bh3 0-1

[Event "37th Belgrade Trophy 2024"]
[Site "Belgrade"]
[Date "2024.11.23"]
[Round "2"]
[White "Maric, Dragan"]
[Black "Popovic, Dragan B"]
[Result "1/2-1/2"]
[WhiteElo "1937"]
[BlackElo "2185"]
[Annotator "RC"]
[PlyCount "29"]
[EventDate "2024.11.23"]
[EventCountry "SRB"]
[SourceTitle "playchess.com"]
[Source "ChessBase"]
[SourceQuality "1"]

1. e4 c5 2. Nf3 Nc6 3. d4 cxd4 4. Nxd4 e5 5. Nb5 d6 6. c4 Be6 7. Bd3 g6 8. O-O a6 9. N5c3 Bg7 10. Nd5 Nf6 11. Nbc3 Bxd5 12. Nxd5 Nxd5 13. cxd5 Nd4 14. Be3 O-O 15. Rc1 1/2-1/2

[Event "37th Belgrade Trophy 2024"]
[Site "Belgrade"]
[Date "2024.11.23"]
[Round "2"]
[White "Bozinovic, Boban"]
[Black "Li, Bo"]
[Result "0-1"]
[WhiteElo "1932"]
[BlackElo "2183"]
[Annotator "RC"]
[PlyCount "108"]
[EventDate "2024.11.23"]
[EventCountry "SRB"]
[SourceTitle "playchess.com"]
[Source "ChessBase"]
[SourceQuality "1"]

1. d4 Nf6 2. Nf3 c5 3. c3 e6 4. Qc2 d5 5. Bg5 Nc6 6. e3 h6 7. Bh4 Be7 8. Nbd2 Nh5 9. Bxe7 Qxe7 10. Ne5 Nf6 11. Ndf3 O-O 12. Bd3 Nd7 13. Nxd7 Bxd7 14. O-O e5 15. dxe5 Nxe5 16. Nxe5 Qxe5 17. Rad1 Bc6 18. Rfe1 Rfe8 19. Bf1 Rad8 20. Qd2 Qg5 21. f4 Qf6 22. Qf2 g5 23. g3 d4 24. cxd4 cxd4 25. Rxd4 Rxd4 26. exd4 Rxe1 27. Qxe1 Qxd4+ 28. Qf2 Qe4 29. Bg2 Qb1+ 30. Bf1 Qxa2 31. Qd4 Qd5 32. Qxd5 Bxd5 33. fxg5 hxg5 34. Kf2 f5 35. Ke3 Kf7 36. Bd3 Ke6 37. Kd4 Bc6 38. h4 f4 39. hxg5 fxg3 40. Ke3 a5 41. Bc2 a4 42. Bd3 Ke5 43. Bc2 b5 44. Ke2 b4 45. Ke3 a3 46. bxa3 bxa3 47. Bb1 Bd5 48. g6 Kf6 49. Ke2 Bc6 50. Kf1 Be8 51. Kg2 Bxg6 52. Ba2 Bf7 53. Bb1 Ke5 54. Kxg3 Kd4 0-1

[Event "37th Belgrade Trophy 2024"]
[Site "Belgrade"]
[Date "2024.11.23"]
[Round "2"]
[White "Petkovic, Vladimir"]
[Black "Leftheriotis, Alexandros"]
[Result "0-1"]
[WhiteElo "1923"]
[BlackElo "2165"]
[Annotator "RC"]
[PlyCount "54"]
[EventDate "2024.11.23"]
[EventCountry "SRB"]
[SourceTitle "playchess.com"]
[Source "ChessBase"]
[SourceQuality "1"]
[TimeControl "40/5400+30:900+30"]

1. e4 c5 2. Nc3 a6 3. a4 Nc6 4. f4 g6 5. Bc4 Bg7 6. Nf3 d6 7. O-O e6 8. f5 gxf5 9. exf5 d5 10. fxe6 fxe6 11. Ba2 Nf6 12. d3 O-O 13. Qe1 Nb4 14. Bb3 c4 15. dxc4 dxc4 16. Bxc4 Nxc2 17. Qh4 Nxa1 18. Bh6 b5 19. Ng5 bxc4 20. Bxg7 Kxg7 21. Rxf6 Rxf6 22. Qxh7+ Kf8 23. Qh8+ Ke7 24. Qg7+ Ke8 25. h3 Qd4+ 26. Kh2 Qe5+ 27. Kg1 Rf1+ 0-1

[Event "37th Belgrade Trophy 2024"]
[Site "Belgrade"]
[Date "2024.11.23"]
[Round "2"]
[White "Zhdanov, Petr"]
[Black "Baghdasaryan, Davit"]
[Result "0-1"]
[WhiteElo "1917"]
[BlackElo "2121"]
[Annotator "RC"]
[PlyCount "51"]
[EventDate "2024.11.23"]
[EventCountry "SRB"]
[SourceTitle "playchess.com"]
[Source "ChessBase"]
[SourceQuality "1"]

1. e4 c5 2. d4 cxd4 3. c3 dxc3 4. Nxc3 Nc6 5. Nf3 d6 6. Bc4 a6 7. O-O Nf6 8. Qe2 Bg4 9. Be3 e6 10. h3 Bxf3 11. gxf3 Be7 12. Kh1 Qa5 13. Rg1 Qh5 14. Rg3 d5 15. exd5 exd5 16. Bb3 d4 17. Rxg7 Qxh3+ 18. Kg1 O-O-O 19. Bxf7 dxe3 20. Qxe3 Kb8 21. Rg3 Qh4 22. Be6 Bd6 23. Rh3 Qd4 24. Qh6 Bf4 25. Qh4 Qe5 26. Qxf6 0-1

[Event "37th Belgrade Trophy 2024"]
[Site "Belgrade"]
[Date "2024.11.24"]
[Round "2.1"]
[White "Shchekachev, Andrei"]
[Black "Stosic, Slobodan"]
[Result "1-0"]
[WhiteElo "2448"]
[BlackElo "1984"]
[Annotator "TA"]
[PlyCount "69"]
[EventDate "2024.11.23"]
[EventCountry "SRB"]
[SourceTitle "playchess.com"]
[Source "ChessBase"]
[SourceQuality "1"]
[TimeControl "40/5400+30:900+30"]

{[%evp 11,69,34,31,13,52,54,49,45,59,47,56,56,58,45,54,61,61,63,64,60,52,53,50,46,89,48,93,33,39,41,51,57,48,53,54,52,111,102,121,125,189,194,194,187,254,288,280,283,331,325,535,508,579,556,1014,993,943,956,860,858]} 1. d4 {[%emt 0:00:44]} Nf6 {[%emt 0:00:08]} 2. c4 {[%emt 0:00:09]} g6 {[%emt 0:00:15]} 3. Nc3 {[%emt 0:00:27]} Bg7 {[%emt 0:00:05]} 4. e4 {[%emt 0:00:17]} d6 {[%emt 0:00:02]} 5. h3 {[%emt 0:00:45]} O-O {[%emt 0:00:28]} 6. Be3 {[%emt 0:00:52]} Na6 {[%emt 0:02:18]} 7. Bd3 {[%emt 0:06:38]} c5 {[%emt 0:01:07][%cal Of6g4]} 8. Nf3 {[%emt 0:00:50]} cxd4 {[%emt 0:01:36]} 9. Nxd4 {[%emt 0:00:12] White is slightly better.} Nc5 {[%emt 0:00:44]} 10. O-O {[%emt 0:02:26]} b6 {[%emt 0:26:09]} 11. f3 {[%emt 0:03:46]} Bb7 {[%emt 0:01:24]} 12. Be2 {[%emt 0:03:28]} Nh5 {[%emt 0:08:46][%cal Bf6h5,Bh5g3,Bg3e2][%mdl 32]} 13. Qd2 {[%emt 0:00:45]} Ng3 {[%emt 0:00:37]} 14. Rfe1 {[%emt 0:03:35]} Nxe2+ {[%emt 0:01:22]} 15. Rxe2 {[%emt 0:05:50]} Rc8 {[%emt 0:06:56]} 16. b3 {[%emt 0:06:36]} a6 {[%emt 0:02:20]} 17. Rd1 {[%emt 0:01:43]} Qc7 {[%emt 0:01:45]} 18. Ree1 {[%emt 0:19:59]} Ne6 {[%emt 0:10:24]} 19. Nce2 {[%emt 0:08:12]} (19. Nxe6 $16 fxe6 20. Na4) 19... Nxd4 $14 {[%emt 0:03:26]} 20. Nxd4 {[%emt 0:00:33]} Rb8 {[%emt 0:03:21]} 21. Kh1 {[%emt 0:03:37]} Rfd8 {[%emt 0:02:40]} 22. a4 {[%emt 0:01:34]} e6 {[%emt 0:04:34]} 23. Rc1 {[%emt 0:02:32]} e5 {[%emt 0:08:46]} (23... Qe7 $14) 24. Ne2 {[%emt 0:02:24]} f5 {[%emt 0:00:20]} 25. Nc3 {[%emt 0:01:27] White is more active.} f4 {[%emt 0:02:41]} (25... Re8 $16 26. Red1 Bf8) 26. Bf2 $18 {[%emt 0:00:09]} g5 {[%emt 0:02:47]} 27. Nd5 {[%emt 0:03:29]} Bxd5 {[%emt 0:00:04]} (27... Qf7 $142 28. Bxb6 Rd7) 28. cxd5 {[%emt 0:01:11][%cal Bc4d5,Bd5c6,Bc6c7][%mdl 32]} (28. exd5 h5 $16) ({But not} 28. Qxd5+ $6 Qf7 29. b4 Bf8 $14) 28... Qd7 {[%emt 0:01:46]} 29. Rc6 {[%emt 0:00:32]} Rdc8 {[%emt 0:02:06]} 30. Rec1 {[%emt 0:01:59]} (30. Rxb6 Rxb6 31. Bxb6 h5 $16) ({Resist} 30. Bxb6 Rxc6 31. dxc6 Qxc6 $18) 30... Rxc6 $2 {[%emt 0:03:58] [#]} (30... b5 {was worth a try.} 31. Qc2 (31. Rxa6 h5 $18) 31... Rxc6 32. dxc6 Qc7) 31. dxc6 {[%emt 0:02:54] White is clearly winning.} Qe6 {[%emt 0:00:53]} 32. Qd3 {[%emt 0:03:04]} b5 {[%emt 0:01:22]} 33. c7 {[%emt 0:00:56]} Rc8 {[%emt 0:00:19]} 34. axb5 {[%emt 0:00:04]} axb5 {[%emt 0:00:12]} 35. Qxb5 {[%emt 0:00:06] Weighted Error Value: White=0.07 (flawless) /Black=0.27 (precise) .  Mistake:       	White=1     	Black=4      Inaccurate:     	White=1     	Black=4      OK:         	White=14    	Black=10     Best:        	White=1     	---} 1-0